Dislocations in solids /

Bibliographic Details
Other Authors: Nabarro, F. R. N. (Frank Reginald Nunes), 1916-2006
Format: Book
Language:English
Published: Amsterdam ; New York : North-Holland Pub. Co. ; 1978-
Subjects:

MARC

Tag First Indicator Second Indicator Subfields
LEADER 00000pam a2200000 a 4500
001 in00000043503
005 20151007072851.0
008 780831m19799999ne a b 00100 engm
010 |a  78010507  
020 |z 0720407567 
020 |a 0444852697 (set) 
035 |a (OCoLC)04496229 
035 |9 AAE8706AM 
040 |a DLC  |c DLC  |d m.c.  |d TXA  |d UtOrBLW 
049 |a TXAM  |v 1 [1114146]  |v 2 [1114554]  |v 3 [1115475]  |v 4 [1114854]  |v 5 [1115476]  |v 6 [805018]  |v 7 [A10127657] 
050 0 0 |a QD921  |b .D55 
082 0 |a 548/.842 
245 0 0 |a Dislocations in solids /  |c edited by F.R.N. Nabarro. 
264 1 |a Amsterdam ;  |a New York :  |b North-Holland Pub. Co. ;  |c 1978- 
264 2 |a New York :  |b Sole distributors for the USA and Canada, Elsevier North-Holland, 
300 |a volumes :  |b illustrations ;  |c 25 cm. 
336 |a text  |b txt  |2 rdacontent 
337 |a unmediated  |b n  |2 rdamedia 
338 |a volume  |b nc  |2 rdacarrier 
504 |a Includes bibliographical references and indexes. 
505 1 |a v. 1. The elastic theory -- v. 2. Dislocations in crystals -- v. 3. Moving dislocations -- v. 4. Dislocations in metallurgy -- v. 5. Other effects of dislocations: disclinations -- v. 6. Applications and recent advances -- v. 9. Dislocations and disclinations -- v. 10. L12 ordered alloys -- v. 14. A tribute to F.R.N. Nabarro -- v. 16. The 30th anniversary volume. 
650 0 |a Dislocations in crystals. 
650 0 |a Solid state physics. 
700 1 |a Nabarro, F. R. N.  |q (Frank Reginald Nunes),  |d 1916-2006. 
999 |a MARS 
999 f f |s 0ed40c9c-c78b-3589-ae8c-317c5a25fb52  |i 8cbcf5c1-2c87-3f52-a3b9-7e508d32ba5b  |t 0 
952 f f |p ric  |a Texas A&M University  |b Rellis Campus  |c Joint Library Facility  |s JLF  |d Remote Storage  |t 0  |e QD921 .D55  |h Library of Congress classification  |i unmediated -- volume  |k v.11  |m A14829843587 
952 f f |p ric  |a Texas A&M University  |b Rellis Campus  |c Joint Library Facility  |s JLF  |d Remote Storage  |t 0  |e QD921 .D55  |h Library of Congress classification  |i unmediated -- volume  |k v.13  |m A14836279862 
952 f f |p ric  |a Texas A&M University  |b Rellis Campus  |c Joint Library Facility  |s JLF  |d Remote Storage  |t 0  |e QD921 .D55  |h Library of Congress classification  |i unmediated -- volume  |k v.9  |m A14815725573 
952 f f |p ric  |a Texas A&M University  |b Rellis Campus  |c Joint Library Facility  |s JLF  |d Remote Storage  |t 0  |e QD921 .D55  |h Library of Congress classification  |i unmediated -- volume  |k v.14  |m A14837152013 
952 f f |p ric  |a Texas A&M University  |b Rellis Campus  |c Joint Library Facility  |s JLF  |d Remote Storage  |t 0  |e QD921 .D55  |h Library of Congress classification  |i unmediated -- volume  |k v.2  |m A14804729271 
952 f f |p ric  |a Texas A&M University  |b Rellis Campus  |c Joint Library Facility  |s JLF  |d Remote Storage  |t 0  |e QD921 .D55  |h Library of Congress classification  |i unmediated -- volume  |k v.7  |m A14810127657 
952 f f |p ric  |a Texas A&M University  |b Rellis Campus  |c Joint Library Facility  |s JLF  |d Remote Storage  |t 0  |e QD921 .D55  |h Library of Congress classification  |i unmediated -- volume  |k v.3  |m A14804729289 
952 f f |p ric  |a Texas A&M University  |b Rellis Campus  |c Joint Library Facility  |s JLF  |d Remote Storage  |t 0  |e QD921 .D55  |h Library of Congress classification  |i unmediated -- volume  |k v.4  |m A14804729297 
952 f f |p ric  |a Texas A&M University  |b Rellis Campus  |c Joint Library Facility  |s JLF  |d Remote Storage  |t 0  |e QD921 .D55  |h Library of Congress classification  |i unmediated -- volume  |k v.6  |m A14808011337 
952 f f |p ric  |a Texas A&M University  |b Rellis Campus  |c Joint Library Facility  |s JLF  |d Remote Storage  |t 0  |e QD921 .D55  |h Library of Congress classification  |i unmediated -- volume  |k v.12  |m A14831386711 
952 f f |p ric  |a Texas A&M University  |b Rellis Campus  |c Joint Library Facility  |s JLF  |d Remote Storage  |t 0  |e QD921 .D55  |h Library of Congress classification  |i unmediated -- volume  |k v.1  |m A14804729263 
952 f f |p ric  |a Texas A&M University  |b Rellis Campus  |c Joint Library Facility  |s JLF  |d Remote Storage  |t 0  |e QD921 .D55  |h Library of Congress classification  |i unmediated -- volume  |k v.16  |m A14839226923 
952 f f |p ric  |a Texas A&M University  |b Rellis Campus  |c Joint Library Facility  |s JLF  |d Remote Storage  |t 0  |e QD921 .D55  |h Library of Congress classification  |i unmediated -- volume  |k v.15  |m A14839012390 
952 f f |p ric  |a Texas A&M University  |b Rellis Campus  |c Joint Library Facility  |s JLF  |d Remote Storage  |t 0  |e QD921 .D55  |h Library of Congress classification  |i unmediated -- volume  |k v.5  |m A14804729302 
952 f f |p ric  |a Texas A&M University  |b Rellis Campus  |c Joint Library Facility  |s JLF  |d Remote Storage  |t 0  |e QD921 .D55  |h Library of Congress classification  |i unmediated -- volume  |k v.8  |m A14811868581 
952 f f |p ric  |a Texas A&M University  |b Rellis Campus  |c Joint Library Facility  |s JLF  |d Remote Storage  |t 0  |e QD921 .D55  |h Library of Congress classification  |i unmediated -- volume  |k v.10  |m A14820784150 
998 f f |a QD921 .D55  |s v.1-16  |t 0  |l Remote Storage